[Event "4NCL Division 1b"]
[Site "Birmingham, ENG ENG"]
[Date "2016.02.14"]
[Round "6.184"]
[White "Willson, Ollie"]
[Black "Bremner, Adam"]
[Result "0-1"]
[WhiteElo "2065"]
[BlackElo "2202"]
[PlyCount "104"]
[EventDate "2016.02.14"]
[WhiteTeam "Sussex Martlets 1"]
[BlackTeam "Grantham Sharks 1"]

1. d4 d5 2. Nf3 Nf6 3. g3 c6 4. Bg2 g6 5. O-O Bg7 6. c4 O-O 7. b3 Bf5 8. Bb2
Nbd7 9. Nbd2 Ne4 10. Nxe4 Bxe4 11. Nd2 Bxg2 12. Kxg2 dxc4 13. Nxc4 Nb6 14. Qd3
Qc7 15. e3 Rad8 16. Qe4 Nxc4 17. bxc4 Rfe8 18. Rab1 b6 19. Rfd1 e6 20. Ba3 Qc8
21. Rbc1 Rd7 22. Qc2 Qb7 23. Kg1 Red8 24. Bb4 h5 25. h4 Qa6 26. c5 b5 27. Rd2
e5 28. dxe5 Rxd2 29. Bxd2 Bxe5 30. Bb4 Bg7 31. a3 Qc8 32. Rd1 Rd7 33. a4 a6 34.
axb5 axb5 35. Ba5 Bf8 36. Rd4 Rxd4 37. exd4 Qe6 38. Qd3 Qd5 39. Bc3 Bxc5 40.
Qe3 Bf8 41. Qe8 Kg7 42. Bb2 b4 43. Kf1 Kg8 44. Qe3 Bg7 45. Qe8+ Kh7 46. Qe7 Qb3
47. Qe2 c5 48. f3 cxd4 49. Bc1 d3 50. Qe3 Qd1+ 51. Kf2 b3 52. g4 hxg4 0-1

[Event "4NCL Division 1b"]
[Site "Birmingham, ENG ENG"]
[Date "2016.02.14"]
[Round "6.185"]
[White "Williams, Samuel G"]
[Black "Graham, David B"]
[Result "0-1"]
[WhiteElo "2242"]
[BlackElo "2121"]
[PlyCount "59"]
[EventDate "2016.02.14"]
[WhiteTeam "Grantham Sharks 1"]
[BlackTeam "Sussex Martlets 1"]

1. d4 Nf6 2. c4 g6 3. Nc3 Bg7 4. e4 d6 5. Nf3 O-O 6. Be2 e5 7. O-O Nc6 8. d5
Ne7 9. b4 Nh5 10. Re1 Nf4 11. Bf1 Bg4 12. h3 Bxf3 13. Qxf3 f5 14. Bxf4 exf4 15.
Rad1 Be5 16. Ne2 fxe4 17. Qxe4 f3 18. gxf3 Nf5 19. f4 Qh4 20. Qg2 Bxf4 21. Nxf4
Qxf4 22. Re4 Qh6 23. Bd3 Nh4 24. Qg3 Nf3+ 25. Kg2 Rf7 26. Re6 Raf8 27. c5 Ng5
28. Be4 Rxf2+ 29. Kh1 Nxh3 30. Bxg6 0-1

[Event "4NCL Division 1b"]
[Site "Birmingham, ENG ENG"]
[Date "2016.02.14"]
[Round "6.186"]
[White "Norinkeviciute, Rasa"]
[Black "Varnam, Liam D"]
[Result "0-1"]
[WhiteElo "2040"]
[BlackElo "2138"]
[PlyCount "154"]
[EventDate "2016.02.14"]
[WhiteTeam "Sussex Martlets 1"]
[BlackTeam "Grantham Sharks 1"]

1. c4 Nf6 2. g3 e5 3. Bg2 d5 4. cxd5 Nxd5 5. Nc3 Nb6 6. Nf3 Nc6 7. d3 Be7 8.
O-O Be6 9. Be3 f6 10. d4 exd4 11. Nxd4 Nxd4 12. Bxd4 c6 13. e4 O-O 14. f4 Qc7
15. Qc2 Rad8 16. Bf2 Nc4 17. Rad1 Qa5 18. h3 Bb4 19. Na4 Nd2 20. Rfe1 Bxa2 21.
Re3 b5 22. Nc5 Bxc5 23. Qxc5 Nxe4 24. Bxe4 Rxd1+ 25. Kh2 Bd5 26. Bxh7+ Kxh7 27.
Qc2+ Kg8 28. Qxd1 Qb4 29. Qe2 Bc4 30. Qc2 Rd8 31. Rc3 Re8 32. Be3 a5 33. Qf2
Qe7 34. g4 Qe4 35. Qg2 Qxg2+ 36. Kxg2 Bd5+ 37. Kf2 Re4 38. Rc2 a4 39. Bd2 b4
40. Rc5 a3 41. bxa3 bxa3 42. Ra5 a2 43. Ra7 c5 44. h4 Re7 45. Ra3 Rb7 46. Bc3
Rb4 47. Kg3 Rc4 48. Bb2 Rc2 49. Ba1 Rc1 50. Bb2 Rc2 51. Ba1 Rg2+ 52. Kh3 c4 53.
f5 Rd2 54. Kg3 Rd3+ 55. Rxd3 cxd3 56. Kf2 d2 57. Ke2 Bf3+ 58. Kxd2 Bxg4 59. Ke3
Bxf5 60. Kf4 Be6 61. Bb2 Kh7 62. Kg3 Kg6 63. Kf4 Kh5 64. Kg3 g5 65. hxg5 fxg5
66. Bc3 Kg6 67. Kf3 Kf5 68. Bb2 Bd5+ 69. Kg3 g4 70. Bg7 Be6 71. Kf2 Ke4 72. Bf6
Kf4 73. Bg7 g3+ 74. Kg2 Bd5+ 75. Kf1 Ke3 76. Bh6+ Kd3 77. Bg7 Kc2 0-1

[Event "4NCL Division 1b"]
[Site "Birmingham, ENG ENG"]
[Date "2016.02.14"]
[Round "6.187"]
[White "Birtwistle, Nigel"]
[Black "Grant, David J"]
[Result "1/2-1/2"]
[WhiteElo "2122"]
[BlackElo "2085"]
[PlyCount "69"]
[EventDate "2016.02.14"]
[WhiteTeam "Grantham Sharks 1"]
[BlackTeam "Sussex Martlets 1"]

1. Nf3 g6 2. g3 Bg7 3. d4 Nf6 4. Bg2 O-O 5. O-O d5 6. c4 dxc4 7. Na3 Nc6 8.
Nxc4 Bg4 9. Nce5 Nxe5 10. Nxe5 c6 11. Nxg4 Nxg4 12. e3 h5 13. h3 Nf6 14. Bd2
Qb6 15. Bc3 Nd5 16. Qa4 Nxc3 17. bxc3 Rfd8 18. Rab1 Qc7 19. Qc4 Rac8 20. a4 e6
21. Rb3 Qe7 22. Rfb1 Rc7 23. Qb4 Rdd7 24. Qxe7 Rxe7 25. c4 Red7 26. a5 Bf8 27.
Bf3 Be7 28. Kg2 a6 29. h4 Bd8 30. Be4 Kf8 31. f4 f5 32. Bf3 Bf6 33. Rb6 Bd8 34.
R1b3 Ke7 35. c5 1/2-1/2

[Event "4NCL Division 1b"]
[Site "Birmingham, ENG ENG"]
[Date "2016.02.14"]
[Round "6.188"]
[White "Sutton, Daniel"]
[Black "Messam-Sparks, Lateefah"]
[Result "1-0"]
[WhiteElo "1975"]
[BlackElo "1945"]
[PlyCount "73"]
[EventDate "2016.02.14"]
[WhiteTeam "Sussex Martlets 1"]
[BlackTeam "Grantham Sharks 1"]

1. e4 c5 2. c3 Nf6 3. e5 Nd5 4. d4 cxd4 5. Nf3 e6 6. cxd4 Nc6 7. Bd3 d6 8. O-O
dxe5 9. dxe5 Ndb4 10. Be4 Qc7 11. Bg5 h6 12. Bh4 Be7 13. Bxe7 Qxe7 14. a3 Na6
15. Bxc6+ bxc6 16. Qa4 Bb7 17. Nbd2 O-O 18. Rac1 c5 19. Rc3 Rfd8 20. Rfc1 Rab8
21. R3c2 Rd7 22. Ne4 Rbd8 23. h3 f5 24. Nd6 Rxd6 25. exd6 Rxd6 26. Qb3 Bd5 27.
Qe3 Rb6 28. Nd2 Qb7 29. Nc4 Rb3 30. Na5 Rxe3 31. Nxb7 Rb3 32. Nxc5 Nxc5 33.
Rxc5 Rxb2 34. Rc7 a6 35. Ra7 Rb6 36. Rcc7 g5 37. Rc8# 1-0